000 00294nam a22001337a 4500
008 170403b xxu||||| |||| 00| 0 eng d
020 _a9780716750550
041 _aeng
080 _a574
100 _a9
101 _aSHM
245 _aTHE EMERGENCE OF AGRICULTURE
_cSMITH.B.D
942 _2udc
_cBK
999 _c9471
_d9471